LIBRARY & INFORMATION CENTRE, KCAET, TAVANUR

ONLINE PUBLIC ACCESS CATALOGUE (OPAC)

Wasteland management in India / (Record no. 1401)

MARC details
000 -LEADER
fixed length control field 00530cam a2200205ua 4500
020 ## - INTERNATIONAL STANDARD BOOK NUMBER
ISBN 81-7024-251-7
041 ## - LANGUAGE CODE
Language code of text/sound track or separate title eng
082 ## - DEWEY DECIMAL CLASSIFICATION NUMBER
Classification number 631.5861
Item number ANI/WA
100 ## - MAIN ENTRY--AUTHOR NAME
Personal name Anil, Kumar .
245 ## - TITLE STATEMENT
Title Wasteland management in India /
250 ## - EDITION STATEMENT
Edition statement 1 /
260 ## - PUBLICATION, DISTRIBUTION, ETC. (IMPRINT)
Place of publication New Delhi :
Name of publisher Ashish Publishing House ,
Year of publication 1989.
300 ## - PHYSICAL DESCRIPTION
Number of Pages 227 ; .
700 1# - ADDED ENTRY--PERSONAL NAME
Personal name Pandey, R N .
942 ## - ADDED ENTRY ELEMENTS (KOHA)
Koha item type Books
Holdings
Withdrawn status Lost status Damaged status Home library Current library Date acquired Full call number Accession Number Koha item type
      KAUAET KAUAET 07/04/2012 631.5861 19729 Books
Withdrawn     KAUAET KAUAET 07/04/2012 631.5861 17677 Books
free website counter